Online
Catalog

Tecnología didáctica : (Record no. 35993)

MARC details
000 -CABECERA
campo de control de longitud fija 00622nam a2200181 a 4500
001 - NÚMERO DE CONTROL
campo de control 000036502
005 - FECHA Y HORA DE LA ÚLTIMA TRANSACCIÓN
campo de control 20200930075751.0
008 - DATOS DE LONGITUD FIJA--INFORMACIÓN GENERAL
campo de control de longitud fija 120119s1981 sp ad 000 0 spa d
040 ## - FUENTE DE LA CATALOGACIÓN
Centro catalogador/agencia de origen DO-SdBNP
Lengua de catalogación spa
Centro/agencia transcriptor BNPHU
082 ## - NÚMERO DE LA CLASIFICACIÓN DECIMAL DEWEY
Número de clasificación xxxx
Número de documento/Ítem F372t, 1981
100 1# - ENTRADA PRINCIPAL--NOMBRE DE PERSONA
Nombre de persona Ferrández, Adalberto
9 (RLIN) 62744
245 10 - MENCIÓN DE TÍTULO
Título Tecnología didáctica :
Resto del título teoría y práctica de la programación escolar /
Mención de responsabilidad, etc. Adalberto Ferrández ; Jaime Sarramona ; Luis Tarín.
250 ## - MENCIÓN DE EDICIÓN
Mención de edición 5a ed.
260 ## - PUBLICACIÓN, DISTRIBUCIÓN, ETC.
Lugar de publicación, distribución, etc. Barcelona :
Nombre del editor, distribuidor, etc. Ediciones CEAC,
Fecha de publicación, distribución, etc. 1981.
300 ## - DESCRIPCIÓN FÍSICA
Extensión 349 p. :
Otras características físicas il., diagrs. ;
Dimensiones 24 cm.
700 1# - PUNTO DE ACCESO ADICIONAL--NOMBRE DE PERSONA
Nombre de persona Sarramona, Jaime
9 (RLIN) 62745
700 1# - PUNTO DE ACCESO ADICIONAL--NOMBRE DE PERSONA
Nombre de persona Tarín, Luis
9 (RLIN) 62746
Holdings
Estado de retiro Estado de pérdida Restricciones de uso No para préstamo Código de colección Localización permanente Ubicación/localización actual Ubicación en estantería Fecha de adquisición Número de inventario Total de préstamos Signatura topográfica completa Código de barras Fecha visto por última vez Precio válido a partir de Tipo de ítem Koha
        Monografías: Libros y Folletos General General En catalogación 19.01.2012 LF1   xxxx F372t, 1981 36503-10 25.06.2020 25.06.2020 Préstamo en sala

Powered by Koha